History - American | 1 | 4 | 0 | 0 | 55 | 46 | 82.00 | 0 | 0 |
History - European | 1 | 2 | 0 | 0 | 35 | 53 | 91.00 | 0 | 0 |
History - Cross, Historiography, and Miscellaneous | 0 | 3 | 0 | 0 | 30 | 68 | 95.67 | 0 | 0 |
History - World | 0 | 3 | 0 | 0 | 30 | 63 | 100.00 | 0 | 0 |
RMP - World Mythology | 1 | 1 | 0 | 0 | 25 | 55 | 67.50 | 1 | 1 |
Geography - Europe | 1 | 0 | 0 | 0 | 15 | 17 | 17.00 | 0 | 1 |
RMP - Buddhism | 1 | 0 | 0 | 0 | 15 | 55 | 55.00 | 0 | 0 |
RMP - East Asian Religion | 1 | 0 | 0 | 0 | 15 | 51 | 51.00 | 0 | 0 |
Other - Other Academic and General Knowledge | 0 | 1 | 0 | 0 | 10 | 125 | 125.00 | 0 | 0 |
RMP - Islam | 0 | 1 | 0 | 0 | 10 | 73 | 73.00 | 0 | 0 |
Literature - American | 0 | 1 | 0 | 0 | 10 | 121 | 121.00 | 0 | 0 |
Literature - European | 0 | 1 | 0 | 0 | 10 | 88 | 88.00 | 0 | 0 |
Literature - World and Miscellaneous | 0 | 1 | 0 | 0 | 10 | 78 | 78.00 | 0 | 0 |